| 000 | 00572nam a22002057a 4500 | ||
|---|---|---|---|
| 999 |
_c6514 _d6514 |
||
| 003 | OSt | ||
| 005 | 20200129114813.0 | ||
| 008 | 200129b ||||| |||| 00| 0 eng d | ||
| 020 | _a0198516134 | ||
| 040 | _cDDC | ||
| 082 | _a577.63BRO 2005 | ||
| 100 |
_aBronmark,Christer;Hansson,Lars-Anders ; _913377 |
||
| 245 | _aThe Biology of Lakes and Ponds. | ||
| 250 | _a2 ed | ||
| 260 |
_aOxford. _bOxford University Press. _c2005 |
||
| 300 |
_axiv,285p; _bill, _c23cm |
||
| 504 | _aincludes references, Glossary and index. | ||
| 650 |
_aBiology. _95602 |
||
| 942 |
_2ddc _cO_SHELF |
||